000
00338nam a2200157Ia 4500
100
_a
Roy/Kaushik/ Prasad/sharat C
650
_a
CMOS
942
_c
BK
366
_f
27
654
_a
cmos
245
_a
Low-power CMOS VLSI circuit design
260
_b
Wiley
_c
2000
082
_a
621.395
_b
ROY
300
_a
359
546
_a
ENGLISH
_c
TTL
999
_c
29411
_d
29411